000
002900000a22000970004500
100
1
_a
Bock, Darrell L.
245
1
0
_a
Why I am a dispensationalist with a small "d"
300
_a
Vol. 41, Num. 3 (Septiembre, 1998), Páginas 383-396
773
0
_t
Journal of the Theological Society
942
_c
ANA
999
_c
54585
_d
54585